000 00460nam a22001817a 4500
003 CEME
005 20210628202235.0
008 210210b xxu||||| |||| 00| 0 eng d
020 _a3-540-22242-1
040 _c.
082 _a620.106 FLU
100 _aMerzkirch , W
_958960
245 _aFluid mechanics of flow metering
260 _aNEW YORK
_bSPRINGER
_c2005
300 _aXI,256P
650 _aFLUID MECHANICS.FLOW METERING
_958961
942 _cBK
_2ddc
999 _c569026
_d569026